000 00614nam a2200229Ia 4500
003 OSt
005 20221007072925.0
006 a|||||r|||| 00| 0
007 ta
008 221006b |||||||| |||| 00| 0 eng d
024 _a26,114
037 _cTextual
040 _aFLL
_cFLL
_beng
041 _2eng
_aeng
082 _aZ3:9534, K3
100 _aGrunhut Max
_9691641
245 0 _aProbation and mental treatment
260 _aLondon
_bTavistock Publications Ltd. London
_c1963
300 _avii,1-56p
_ccm.
942 _hZ3:9534, K3
_cTEXL
_2CC
999 _c1147297
_d1147297